American power and policy / (Record no. 14364)
[ view plain ]
| 000 -LEADER | |
|---|---|
| fixed length control field | 02216cam a2200349 a 4500 |
| 001 - CONTROL NUMBER | |
| control field | 16056140 |
| 005 - DATE AND TIME OF LATEST TRANSACTION | |
| control field | 20170105102853.0 |
| 008 - FIXED-LENGTH DATA ELEMENTS--GENERAL INFORMATION | |
| fixed length control field | 100115s2009 enk b 001 0 eng d |
| 010 ## - LIBRARY OF CONGRESS CONTROL NUMBER | |
| LC control number | 2010275473 |
| 015 ## - NATIONAL BIBLIOGRAPHY NUMBER | |
| National bibliography number | GBA940292 |
| Source | bnb |
| 016 7# - NATIONAL BIBLIOGRAPHIC AGENCY CONTROL NUMBER | |
| Record control number | 015117796 |
| Source | Uk |
| 020 ## - INTERNATIONAL STANDARD BOOK NUMBER | |
| International Standard Book Number | 9781403949561 (alk. paper) |
| 020 ## - INTERNATIONAL STANDARD BOOK NUMBER | |
| International Standard Book Number | 1403949565 (alk. paper) |
| 035 ## - SYSTEM CONTROL NUMBER | |
| System control number | (OCoLC)ocn319211427 |
| 040 ## - CATALOGING SOURCE | |
| Original cataloging agency | UKM |
| Transcribing agency | UKM |
| Modifying agency | YDXCP |
| -- | BWKUK |
| -- | BWK |
| -- | BWX |
| -- | VVC |
| -- | WCM |
| -- | IAY |
| -- | DLC |
| 042 ## - AUTHENTICATION CODE | |
| Authentication code | lccopycat |
| 043 ## - GEOGRAPHIC AREA CODE | |
| Geographic area code | n-us--- |
| 050 00 - LIBRARY OF CONGRESS CALL NUMBER | |
| Classification number | HC103 |
| Item number | .A457 2009 |
| 082 04 - DEWEY DECIMAL CLASSIFICATION NUMBER | |
| Classification number | 330.97309 |
| Edition number | 22 |
| 245 00 - TITLE STATEMENT | |
| Title | American power and policy / |
| Statement of responsibility, etc. | edited by Robert Leeson. |
| 260 ## - PUBLICATION, DISTRIBUTION, ETC. | |
| Place of publication, distribution, etc. | Houndmills, Basingstoke, Hampshire [England] ; |
| -- | New York : |
| Name of publisher, distributor, etc. | Palgrave Macmillan, |
| Date of publication, distribution, etc. | 2009. |
| 300 ## - PHYSICAL DESCRIPTION | |
| Extent | viii, 278 p. ; |
| Dimensions | 22 cm. |
| 440 #0 - SERIES STATEMENT/ADDED ENTRY--TITLE | |
| Title | Archival insights into the evolution of economics |
| 504 ## - BIBLIOGRAPHY, ETC. NOTE | |
| Bibliography, etc. note | Includes bibliographical references and indexes. |
| 505 0# - FORMATTED CONTENTS NOTE | |
| Formatted contents note | American in the shadows : Harry Dexter White and the design of the International Monetary Fund / James M. Boughton -- Building up a multilateral strategy for the United States : Alvin Hansen, Jacob Viner, and the Council on Foreign Relations (1939-45) / Sebastiano Nerozzi -- A hands-off central banker? : Marriner S. Eccles and the Federal Reserve, 1934-51 / Matías Vernengo -- The great inflation of the 1970s : evidence from the archives / John Lodewijks and Robert Leeson -- An archival case study : revisiting The life and political economy of Lauchlin Currie / Roger J. Sandilands -- New evidence on Allyn Young's style and influence as a teacher / Roger J. Sandilands -- A scholar in action in interwar America : John H. Williams on trade theory and Bretton Woods / Pier Francesco Asso and Luca Fiorito -- Shaping monetary constitutions for developing countries : some archival evidence on the Bloomfield Missions to South Korea (1949-50) / Michele Alacevich and Pier Francesco Asso. |
| 651 #0 - SUBJECT ADDED ENTRY--GEOGRAPHIC NAME | |
| Geographic name | United States |
| General subdivision | Economic conditions |
| Chronological subdivision | 20th century. |
| 651 #0 - SUBJECT ADDED ENTRY--GEOGRAPHIC NAME | |
| Geographic name | United States |
| General subdivision | Economic policy |
| Chronological subdivision | 20th century. |
| 700 1# - ADDED ENTRY--PERSONAL NAME | |
| Personal name | Leeson, Robert. |
| 906 ## - LOCAL DATA ELEMENT F, LDF (RLIN) | |
| a | 7 |
| b | cbc |
| c | copycat |
| d | 2 |
| e | ncip |
| f | 20 |
| g | y-gencatlg |
| 942 ## - ADDED ENTRY ELEMENTS (KOHA) | |
| Source of classification or shelving scheme | |
| Koha item type | Book |
| Withdrawn status | Lost status | Damaged status | Not for loan | Collection code | Permanent Location | Current Location | Shelving location | Date acquired | Total Checkouts | Full call number | Barcode | Date last seen | Price effective from | Koha item type |
|---|---|---|---|---|---|---|---|---|---|---|---|---|---|---|
| Centre for International Peace & Stability (CIPS) | Centre for International Peace & Stability (CIPS) | General Stacks | 08/21/2013 | 330.97309 AME 2009 | CIPS0000619 | 08/21/2013 | 08/21/2013 | Book |
